5M+ First-Level Subdivisions of Europe on a Map - Statistics

General Stats
  • This quiz has been taken 279 times
    99 since last reset
  • The average score is 24 of 28
Answers on the Map
Answers color-coded by a green-red scale on the quiz's map according to % correct below.
 
Answer Stats
Country Type Subdivision % Correct
United Kingdom 2021 C Country England
99%
Spain 2024 Ev Community Madrid
99%
Russia 2024 E City Moscow
99%
Russia 2024 E Region Moscow
99%
United Kingdom 2021 C Country Scotland
99%
Germany 2024 E State Bavaria
97%
Spain 2024 Ev Community Catalonia
97%
Spain 2024 Ev Community Andalusia
96%
Turkey 2022 E Province Istanbul
96%
Belgium 2025 E Region Flanders
92%
Italy 2025 E Region Lazio
92%
Italy 2025 E Region Lombardy
91%
Russia 2024 E City Saint Petersburg
90%
Spain 2024 Ev Community Valencia
89%
France 2022 E Region Île-de-France
87%
France 2022 E Region Grand Est
86%
Germany 2024 E State North Rhine-Westphalia
86%
Germany 2024 E State Baden-Württemberg
85%
France 2022 E Region Provence-Alpes-Côte d'Azur
84%
Germany 2024 E State Lower Saxony
78%
France 2022 E Region Occitanie
78%
Italy 2025 E Region Campania
77%
Germany 2024 E State Hesse
76%
France 2022 E Region Auvergne-Rhône-Alpes
75%
Russia 2024 E Territory Krasnodar
73%
France 2022 E Region Nouvelle-Aquitaine
73%
France 2022 E Region Hauts-de-France
72%
Poland 2023 E Province Masovia
54%
No matching quizzes found
Score Distribution
Percent of People with Each Score
Percentile by Number Answered
Your Score History
You have not taken this quiz since the last reset